<?xml version="1.0" encoding="UTF-8"?>
<record
    xmlns:xsi="http://www.w3.org/2001/XMLSchema-instance"
    xsi:schemaLocation="http://www.loc.gov/MARC21/slim http://www.loc.gov/standards/marcxml/schema/MARC21slim.xsd"
    xmlns="http://www.loc.gov/MARC21/slim">

  <leader>01029nam a22002537a 4500</leader>
  <controlfield tag="005">20170123164200.0</controlfield>
  <datafield tag="010" ind1=" " ind2=" ">
    <subfield code="a">B-065884</subfield>
  </datafield>
  <datafield tag="020" ind1=" " ind2=" ">
    <subfield code="c">85.00</subfield>
    <subfield code="a">8175991127</subfield>
  </datafield>
  <datafield tag="035" ind1=" " ind2=" ">
    <subfield code="a">B-065884</subfield>
  </datafield>
  <datafield tag="037" ind1=" " ind2=" ">
    <subfield code="a">Cen Lib / Ret</subfield>
  </datafield>
  <datafield tag="040" ind1=" " ind2=" ">
    <subfield code="a">DPL</subfield>
    <subfield code="b">PN</subfield>
  </datafield>
  <datafield tag="082" ind1=" " ind2=" ">
    <subfield code="a">921</subfield>
    <subfield code="b">&#xA1F;&#xA3F;&#xA35;&#xA3E;&#xA23;&#xA3E;</subfield>
  </datafield>
  <datafield tag="100" ind1=" " ind2=" ">
    <subfield code="a">&#xA1F;&#xA3F;&#xA35;&#xA3E;&#xA23;&#xA3E;, &#xA26;&#xA32;&#xA40;&#xA2A; &#xA15;&#xA4C;&#xA30; </subfield>
    <subfield code="9">132607</subfield>
  </datafield>
  <datafield tag="245" ind1=" " ind2=" ">
    <subfield code="a">&#xA1C;&#xA40;&#xA09;&#xA23; &#xA1C;&#xA4B;&#xA17;&#xA47; /</subfield>
    <subfield code="c">&#xA26;&#xA32;&#xA40;&#xA2A; &#xA15;&#xA4C;&#xA30; &#xA1F;&#xA3F;&#xA35;&#xA3E;&#xA23;&#xA3E; </subfield>
  </datafield>
  <datafield tag="246" ind1=" " ind2=" ">
    <subfield code="a">Jiaun joge : life sketches /</subfield>
    <subfield code="b">by Dalip Kaur Tiwana </subfield>
  </datafield>
  <datafield tag="260" ind1=" " ind2=" ">
    <subfield code="a">&#xA28;&#xA35;&#xA40; &#xA26;&#xA3F;&#xA71;&#xA32;&#xA40; </subfield>
    <subfield code="b">&#xA28;&#xA35;&#xA2F;&#xA41;&#xA17; &#xA2A;&#xA2C;&#xA32;&#xA3F;&#xA38;&#xA3C;&#xA30;&#xA1C;&#xA3C; </subfield>
    <subfield code="c">2001</subfield>
  </datafield>
  <datafield tag="270" ind1=" " ind2=" ">
    <subfield code="a">&#xA15;&#xA47;-24 &#xA39;&#xA41;&#xA1C;&#xA3C; &#xA16;&#xA3E;&#xA38; </subfield>
    <subfield code="b">&#xA28;&#xA35;&#xA40; &#xA26;&#xA3F;&#xA71;&#xA32;&#xA40; </subfield>
    <subfield code="e">110016</subfield>
  </datafield>
  <datafield tag="300" ind1=" " ind2=" ">
    <subfield code="a">99p.</subfield>
    <subfield code="c">23(HB)</subfield>
  </datafield>
  <datafield tag="650" ind1=" " ind2=" ">
    <subfield code="a">&#xA32;&#xA47;&#xA16;&#xA15;, &#xA2A;&#xA70;&#xA1C;&#xA3E;&#xA2C;&#xA40; - 20 &#xA38;&#xA26;&#xA40; - &#xA1C;&#xA40;&#xA35;&#xA28;&#xA40;.</subfield>
    <subfield code="9">132062</subfield>
  </datafield>
  <datafield tag="650" ind1=" " ind2=" ">
    <subfield code="a">Authors, Panjabi -- 20th century -- Biography.</subfield>
    <subfield code="9">111460</subfield>
  </datafield>
  <datafield tag="650" ind1=" " ind2=" ">
    <subfield code="a">&#xA32;&#xA47;&#xA16;&#xA15;, &#xA2A;&#xA70;&#xA1C;&#xA3E;&#xA2C;&#xA40;.</subfield>
    <subfield code="9">3679</subfield>
  </datafield>
  <datafield tag="650" ind1=" " ind2=" ">
    <subfield code="a">Authors, Panjabi.</subfield>
    <subfield code="9">111461</subfield>
  </datafield>
  <datafield tag="942" ind1=" " ind2=" ">
    <subfield code="2">ddc</subfield>
    <subfield code="c">PN</subfield>
    <subfield code="h">921</subfield>
    <subfield code="m">&#xA1F;&#xA3F;&#xA35;&#xA3E;&#xA28;&#xA3E; </subfield>
  </datafield>
  <datafield tag="999" ind1=" " ind2=" ">
    <subfield code="c">110983</subfield>
    <subfield code="d">110983</subfield>
  </datafield>
  <datafield tag="952" ind1=" " ind2=" ">
    <subfield code="0">0</subfield>
    <subfield code="1">0</subfield>
    <subfield code="4">0</subfield>
    <subfield code="7">0</subfield>
    <subfield code="a">L</subfield>
    <subfield code="b">L</subfield>
    <subfield code="d">2016-02-10</subfield>
    <subfield code="e">Cen Lib/Ret</subfield>
    <subfield code="g">85.00</subfield>
    <subfield code="l">0</subfield>
    <subfield code="o">921 &#xA1F;&#xA3F;&#xA35;&#xA3E;&#xA23;&#xA3E;</subfield>
    <subfield code="p">B-065884</subfield>
    <subfield code="r">2016-02-10 00:00:00</subfield>
    <subfield code="t">1</subfield>
    <subfield code="v">85.00</subfield>
    <subfield code="w">2016-02-10</subfield>
    <subfield code="y">PN</subfield>
  </datafield>
</record>
